000 00322nam a2200133Ia 4500
008 150201s2014 xx 000 0 und d
082 _a617.643
_bO2011S
100 _aS.GOWRI SHANKAR
245 _aTEXTBOOK OF ORTHODONTICS
250 _a1ST
260 _bPARAS PUBLICATION
650 _aORTHODONTICS
942 _2ddc
_cBK
_066
999 _c4838
_d4838